Statistics for Real Madrid Squad 2019-2020

Click here to take the quiz!

General Stats

  • This quiz has been taken 355 times
    (337 since last reset)
  • The average score is 20 of 26

Answer Stats

Playing positionPlayer% Correct
DefenderSergio Ramos
97%
GoalkeeperThibaut Courtois
97%
ForwardKarim Benzema
95%
MidfielderLuka Modrić
95%
DefenderMarcelo
93%
DefenderRaphael Varane
92%
MidfielderToni Kroos
92%
DefenderDaniel Carvajal
88%
MidfielderCasemiro
87%
DefenderNacho
83%
GoalkeeperKeylor Navas
82%
ForwardGareth Bale
81%
DefenderFerland Mendy
79%
MidfielderIsco
79%
ForwardMarco Asensio
79%
ForwardRodrygo
78%
ForwardEden Hazard
75%
MidfielderFederico Valverde
72%
ForwardLucas Vazquez
70%
DefenderEder Militao
69%
ForwardVinicius Junior
69%
ForwardMariano
67%
ForwardLuka Jović
63%
DefenderAlvaro Odriozola
50%
MidfielderJames Rodriguez
44%
ForwardBrahim Diaz
22%

Score Distribution

Percentile by Number Answered

Percent of People with Each Score

Your Score History

You have not taken this quiz since the last reset